000 00668nam a2200229 i 4500
001 16599
003 ES-MaACL
005 20230906151346.0
007 t|
008 001018s1993 mx ||||1| spa d
020 _a968-853-143-X
080 _a616.895.4-085.21
080 _a615.851
100 1 _aArieti, Silvano.
_922825
245 1 0 _aPsicoterapia de la depresión /
_cSilvano Arieti y Jules Bemporad.
260 _aMéxico :
_bPaidós Mexicana,
_c[1993]
300 _a449 p. ;
_c22 cm.
650 1 4 _aDepresión mental-
_xTratamiento.
_911599
650 1 4 _aPsicoterapia.
_916579
700 1 _aBemporad, Jules.
_927400
852 _aES-MaACL
_jL-23657
_bR.128709
999 _c16599
_d16599